• 首页
  • 本馆介绍
  • 公告通知
  • 最新文献
  • 馆藏检索
  • 电子资源
  • 读者导购
  • 参考咨询
  • 我的图书馆
  • 登录
  • 详细信息显示
  • 放入我的书架
  • 预约/预借图书
  • 作者相关作品
  • 分类相关作品
  • 丛书相关作品
  • 出版社相关作品

书目信息

  • 表格格式
  • 工作单格式
  • 卡片格式
题名:
世界湾区与深圳湾区经济发展战略
    
 
作者: 冼雪琳 著
分册:  
出版信息: 北京   北京理工大学出版社  2017
页数: 151页
开本: 24cm
丛书名:
单 册:
中图分类: F110
科图分类:
主题词: 世界经济--经济发展战略--研究
电子资源:
ISBN: 978-7-5682-3743-7
000 01157nam0 2200265 450
001 012001002589
005 20140926114739.0
010    @a978-7-5682-3743-7@dCNY48.00
100    @a20170802d2017 em y0chiy50 ea
101 0  @achi
102    @aCN@b110000
105    @aa az 000yy
106    @ar
200 1  @a世界湾区与深圳湾区经济发展战略@9shi jie wan qu yu shen zhen wan qu jing ji fa zhan zhan lue@dThe economic development strategy of world bay areas and Shenzhen bay area@f冼雪琳著@zeng
210    @a北京@c北京理工大学出版社@d2017
215    @a151页@c图@d24cm
314    @a冼雪琳,女,高级经济师,美国注册商业投资师。深圳高级经济师职称评委,市文体局、科创委项目评审专家。
320    @a有书目(第149页)
330    @a本书内容分为四部分。第一部分:湾区经济一体化发展的目标导向;第二部分:湾区经济一体化发展的国际经验;第三部分:周边城市与国家产业结构分析;第四部分:深圳建设湾区的发展战略。
510 1  @aEconomic development strategy of world bay areas and Shenzhen bay area@zeng
606 0  @a世界经济@x经济发展战略@x研究
690    @aF110@v5
701  0 @a冼雪琳@9xian xue lin@4著
801  0 @aCN@b上海新华@c20180901
905    @b1153288-92@dF110@e188@f5
    
    世界湾区与深圳湾区经济发展战略=The economic development strategy of world bay areas and Shenzhen bay area/冼雪琳著.-北京:北京理工大学出版社,2017
    151页:图;24cm
    
    
    ISBN 978-7-5682-3743-7:CNY48.00
    本书内容分为四部分。第一部分:湾区经济一体化发展的目标导向;第二部分:湾区经济一体化发展的国际经验;第三部分:周边城市与国家产业结构分析;第四部分:深圳建设湾区的发展战略。
●
相关链接 在E读中查询图书 在五车中查询图书 在当当中查询图书 在豆瓣中查询图书


正题名:世界湾区与深圳湾区经济发展战略     索取号:F110/188         预约/预借

序号 登录号 条形码 馆藏地/架位号 状态 备注
1 1153288   211532885   第一样本阅览室/ [索取号:F110/188] 在馆    
2 1153289   211532894   密集书库-资源管理系/ [索取号:F110/188] 在馆    
3 1153290   211532901   第一借阅区/ [索取号:F110/188] 在馆    
4 1153291   211532910   第一借阅区/ [索取号:F110/188] 在馆    
5 1153292   211532929   第一借阅区/ [索取号:F110/188] 在馆    
唐山师范学院图书馆 欢迎您!
大连网信软件有限公司© 版权所有